| 000 | 00825nam a2200229 i 4500 | ||
|---|---|---|---|
| 001 | 180519 | ||
| 003 | ES-MaACL | ||
| 005 | 20250719062548.0 | ||
| 008 | 120611s1876 sp |||| | spa d | ||
| 100 | 1 |
_aLastres y Juiz, Francisco, _d1848-1918 _970504 |
|
| 245 | 1 | 3 |
_aLa patria potestad / _cpor Francisco Lastres. |
| 260 |
_aMadrid : _bLibrería de Victoriano Suárez, _c1876. |
||
| 300 |
_a191 p. ; _c15 cm. |
||
| 490 | 1 | _aEl derecho al alcance de todos | |
| 530 | _aDisponible en formato digital. | ||
| 594 | _aPrecede al título: Jurisprudencia popular. | ||
| 650 | 4 |
_aPatria potestad. _9136668 |
|
| 830 | 0 |
_aEl derecho al alcance de todos _9188105 |
|
| 852 |
_aES-MaACL _jD-4006 |
||
| 856 |
_uhttps://archive.org/details/elderechoalalca00juizgoog/page/n5 _zInternet Archive |
||
| 999 |
_c180519 _d180519 |
||